Viagens e aventuras (Registo nº 618)
[ vista simples ]
| 000 -Etiqueta do registo | |
|---|---|
| Cabeçalho | 00968nam0a2200289 4500 |
| 005 - Identificador da versão | |
| Campo de controlo | 20240822153209.0 |
| 010 ## - Número internacional normalizado dos livros (ISBN) | |
| Número (ISBN) | 9722105876 |
| Número (ISBN) | 972-21-1080-2 |
| 021 ## - Número do Depósito Legal | |
| Código do país | PT |
| Número | 45218/91 |
| 100 ## - Dados gerais de processamento | |
| Dados gerais de processamento | 20150928g1998 m y0pory5003 ba |
| 101 0# - Língua de publicação | |
| Língua do texto, banda sonora, etc. | Português |
| 102 ## - Pais de publicação ou produção | |
| País de publicação | Portugal |
| 200 1# - Titulo e menção de responsabilidade | |
| Título próprio | Viagens e aventuras |
| Primeira menção de responsabilidade | Luís de Albuquerque, Ana Maria Magalhães, Isabel Alçada |
| 205 ## - Menção da edição | |
| Menção da edição | 4ª ed |
| 210 ## - Publicação, Distribuição, etc. | |
| Lugar da edição, distribuição, etc. | Lisboa |
| Nome do editor, distribuidor, etc. | Caminho |
| Data da publicação, distribuição, etc. | cop. 1991 |
| Data da impressão | imp. 1998 |
| 215 ## - Descrição física | |
| Indicação específica da natureza do documento e extensão da espécie | 218 p. |
| Outras indicações físicas | il |
| 225 2# - Colecção | |
| Título próprio da colecção | Os descobrimentos portugueses |
| Indicação de volume | 1 |
| 314 ## - Notas relativas a responsabilidade intelectual | |
| Texto da nota | Isabel Alçada é um pseudónimo de Maria Isabel Girão de Melo Veiga Vilar |
| 606 ## - Nome comum usado como assunto | |
| Número de registo de entrada de autoridade | 0002582 |
| Palavra de ordem | Portugal |
| Subdivisão de assunto | História |
| Subdivisão cronológica | "1383/1495" |
| Código do sistema | CA |
| 675 ## - Classificação Decimal Universal (CDU) | |
| Notação | 94(469)"13/14" |
| Edição | 3ª ed. |
| Língua da edição | por |
| 700 #1 - Nome de autor-pessoa física (responsabilidade principal) | |
| Número de registo de entrada de autoridade | 0002584 |
| Palavra de ordem | Albuquerque |
| Outra parte do nome não tomada para palavra de ordem | Luís de |
| Elementos de identificação ou distinção | e outro |
| Datas | 1917-1992 |
| 701 #1 - Nome de autor-pessoa física (co-responsabilidade principal) | |
| Palavra de ordem | Magalhães |
| Outra parte do nome não tomada para palavra de ordem | Ana Maria |
| Elementos de identificação ou distinção | e outro |
| Datas | 1946- |
| Código de função | Autor / Co-autor |
| Palavra de ordem | Alçada |
| Outra parte do nome não tomada para palavra de ordem | Isabel |
| Elementos de identificação ou distinção | pseud. |
| -- | e outro |
| Datas | 1950- |
| Código de função | Autor / Co-autor |
| 942 ## - Elementos de entrada adicionados (Koha) | |
| Tipo de item no Koha | Livro |
| 966 ## - Identificação da Biblioteca | |
| Sigla | EB2,3ENM |
| Situação do levantamento | Origin of item (home branch) (coded) | Biblioteca de empréstimo | Código de barras | Cota | Circulation type (not for loan) | Tipo de documento | Nota do exemplar | Damaged status |
|---|---|---|---|---|---|---|---|---|
| Biblioteca Escolar Eng. Nuno Mergulhão | Biblioteca Escolar Eng. Nuno Mergulhão | BENM959 | 94(469) ALB | Livro | Sem mensagem |
